Sports Quiz

Random Sports or Soccer Quiz

Who's that with Pelé? Quiz Stats

 Plays Quiz not verified by Sporcle

Score 0/25 Timer 06:00
4 Plays Today
% Correct
Nelson Mandela
93.4%
Vladimir Putin
92.4%
Will Smith
91.2%
Cristiano Ronaldo
91%
Diego Maradona
83%
Bill Clinton
82.6%
Sylvester Stallone
82%
Lionel Messi
80.1%
Usain Bolt
79.8%
Ronaldinho
78.8%
Neymar Jr.
77.2%
Paul Scholes
76.2%
Jose Mourinho
75.5%
% Correct
Sir Alex Ferguson & Sir Bobby Charlton
70.3%
Kylian Mbappe
69.6%
Samuel Eto'o
67.7%
Philippe Coutinho
66.4%
Roy Hodgson
62.6%
Gary Lineker
61.8%
Kaka
58%
Eusebio
46.6%
Sir Bobby Robson
46.1%
Johan Cruyff
43.7%
Freddy Adu
37.7%
Garrincha
26.9%

You're not logged in!

Compare scores with friends on all Sporcle quizzes.
OR
Log In

Show Comments

Extras

Top Quizzes Today


Score Distribution

Your Account Isn't Verified!

In order to create a playlist on Sporcle, you need to verify the email address you used during registration. Go to your Sporcle Settings to finish the process.

Report this User

Report this user for behavior that violates our Community Guidelines.

Details: